000 00313nam a2200109 4500
008 b xx# fre u
040 _aLB-BrCRDP
082 1 _a372.65
_bIMA
245 1 2 _aL'imagerie Français Anglais
_cConception: Emilie Beaumont
942 _cBK
999 _c9647
_d9647